A selva de Coral (Record no. 71931)

MARC details
000 -LÍDER
campo de controle de tamanho fixo 00349 a2200157 4500
001 - NÚMERO DE CONTROLE
campo de controle 71931
020 ## - ISBN - INTERNATIONAL STANDARD BOOK NUMBER
ISBN - International Standard Book Number 8526703471
040 ## - FONTE DA CATALOGAÇÃO
Instituição que transcreveu o registro Anchieta - Colégio São Paulo
100 ## - ENTRADA PRINCIPAL--NOME PESSOAL
Nome pessoal Paccalet, Y.
240 10 - TÍTULO UNIFORME
Título uniforme A selva de Coral
Idioma da obra por
245 10 - TÍTULO
Título A selva de Coral
300 ## - DESCRIÇÃO FÍSICA
Extensão 48
362 0# - DATAS DE PUBLICAÇÃO E/OU DESIGNAÇÃO SEQUENCIAL
Datas de publicação e/ou designação sequencial 1991
650 #4 - ASSUNTO--TERMO TÓPICO
Cabeçalho tópico ou nome geográfico Literatura infanto-juvenil
942 ## - ELEMENTOS DE ENTRADA ADICIONADOS (KOHA)
Tipo de material Koha Livros
Holdings
Situação do descarte Situação das perdas Situação física Não pode ser emprestado Biblioteca de origem Biblioteca atual Data de aquisição Total de empréstimos Código de barras Data de último acesso Data do preço efetivo Tipo de material Koha Fonte da classificação ou esquema de arquivamento na estante Número de chamada completo Número do exemplar
        Colégio São Paulo Colégio São Paulo 22/11/2023   1234/CSP 22/11/2023 22/11/2023 Livros      
        Portinari - Salvador Portinari - Salvador 09/08/2024   Q112/CCP 09/08/2024 09/08/2024 Livros   028.5 P114s Ex. 1
        Portinari - Salvador Portinari - Salvador 09/08/2024   Q113/CCP 09/08/2024 09/08/2024 Livros   028.5 P114s Ex. 2